|
|
|
|
| LEADER |
00000nam0a2200000 4500 |
| 001 |
27537 |
| 005 |
20231030202220.0 |
| 010 |
|
|
|a 9854510360
|
| 035 |
|
|
|a (RuTPU)RU\TPU\book\27788
|
| 035 |
|
|
|a BOOK00027863
|
| 090 |
|
|
|a 27537
|
| 100 |
|
|
|a 20011209d2000 u y0rusy50 ca
|
| 101 |
0 |
|
|a rus
|
| 102 |
|
|
|a BY
|
| 105 |
|
|
|a a 000ay
|
| 200 |
1 |
|
|a Резьба по дереву
|f сост.: А. В. Березнев, Т. С. Березнева
|
| 210 |
|
|
|a Минск
|c Парадокс
|d 2000
|
| 215 |
|
|
|a 432 с.
|c ил.
|
| 225 |
1 |
|
|a Мастер
|
| 320 |
|
|
|a Библиогр.: с. 430.
|
| 610 |
1 |
|
|a художественные промыслы
|
| 610 |
1 |
|
|a дерево
|
| 610 |
1 |
|
|a художественная обработка
|
| 610 |
1 |
|
|a деревянные изделия
|
| 610 |
1 |
|
|a резьба
|
| 610 |
1 |
|
|a древесина
|
| 610 |
1 |
|
|a горные породы
|
| 610 |
1 |
|
|a инструменты
|
| 610 |
1 |
|
|a резные изделия
|
| 675 |
|
|
|a 745.51
|v 3
|
| 702 |
|
1 |
|a Березнев
|g Александр Васильевич
|
| 702 |
|
1 |
|a Березнева
|g Татьяна Степановна
|
| 801 |
|
0 |
|a BY
|b 63413507
|c 20011209
|g PSBO
|
| 801 |
|
2 |
|a RU
|b 63413507
|c 20210226
|g RCR
|
| 942 |
|
|
|c BK
|